| 000 | 00479cam a22001814a 4500 | ||
|---|---|---|---|
| 020 | _a0072823402 (alk. paper) | ||
| 040 | _cDLC | ||
| 082 | 0 | 0 | _a339 HIL 2004 A016 Or. |
| 100 | 1 | _aDornbusch, Rudiger. | |
| 245 | 1 | 0 | _aMacroeconomics / |
| 250 | _a9th ed. | ||
| 260 |
_aBoston : _bMcGraw-Hill/Irwin, _cc2004. |
||
| 300 |
_axxii, 613 p. : _bill. (chiefly col.) ; _c24 cm. |
||
| 650 | 0 | _aMacroeconomics. | |
| 700 | 1 | _aFischer, Stanley. | |
| 700 | 1 | _aStartz, Richard, | |
| 942 | _cEK | ||
| 999 |
_c11809 _d11809 |
||